000 00563nam a2200193Ia 4500
008 151119s9999||||xx |||||||||||||| ||und||
082 _a928.9146यादव/घर
082 _bGKKV18194
100 _aयादव आनंद
245 _aघरभिंती
260 _aपुणे
260 _bमेहता पब्लीशिग हाउस
260 _c1994
600 _aयादव आनंद
630 _aघरभिंती
700 _aयादव आनंद
730 _aघरभिंती
942 _cBOOK
999 _c1071268
_d1071265